000
00340 a2200169 4500
001
45645
020
_a
8525027057
040
_c
Anchieta - Aquarius
100
_a
Ling, Mary
240
1
0
_a
Os insetos
_l
por
245
1
0
_a
Os insetos
300
_a
362
0
_a
1991
440
1
_a
Globo
650
4
_a
Enciclopédias gerais
942
_c
BK
999
_c
45645
_d
45645